Normal view
MARC view
Entry Topical Term
001 - CONTROL NUMBER
- control field: 37974
003 - CONTROL NUMBER IDENTIFIER
- control field: dpl
005 - DATE AND TIME OF LATEST TRANSACTION
- control field: 20120103143005.0
008 - FIXED-LENGTH DATA ELEMENTS
- fixed length control field: 120103|||a|||||| | ||| d
040 ## - CATALOGING SOURCE
- Original cataloging agency: dpl
- Transcribing agency: dpl
150 ## - HEADING--TOPICAL TERM
- Topical term or geographic name as entry element: Urban policy
- Geographic subdivision: India.
670 ## - SOURCE DATA FOUND
- Source citation: Work cat.: (dpl)0: Jain, A. K. (Ashok Kumar), 1948- 37971, The informal city :, 2011
670 ## - SOURCE DATA FOUND
- Source citation: Work cat.: (dpl)0: Jain, A. K. (Ashok Kumar), 1948- 37971, The informal city :, 2011
